Name Everything In Marvel Strike Force - Statistics

General Stats
  • This quiz has been taken 13 times
  • The average score is 96 of 470
Answer Stats
Hint Answer % Correct
Hero Black Widow
86%
Hero Captain America
86%
Hero Captain America (Sam)
86%
Hero Captain America (WWII)
86%
Hero Deadpool
86%
Hero Hulk
86%
Hero Iron Man
86%
Hero Iron Man (Infinity War)
86%
Villain Iron Man (Zombie)
86%
Hero Mighty Thor
86%
Hero Peter B. Parker
86%
Hero Spider-Man
86%
Hero Spider-Man 2099
86%
Hero Spider-Man (Big Time)
86%
Hero Spider-Man (Miles)
86%
Hero Spider-Man (Noir)
86%
Hero Spider-Man (Pavitr)
86%
Hero Spider-Man (Symbiote)
86%
Hero Thor
86%
Hero Thor (Infinity War)
86%
Hero Agent Venom
71%
Gamemodes Alliance War
71%
Hero Black Panther
71%
Hero Black Panther (1MM)
71%
Hero Black Panther (Shuri)
71%
Hero Daredevil
71%
Hero Gamora
71%
Hero Groot
71%
Hero Old Man Logan
71%
Villain Thanos
71%
Villain Thanos (Endgame)
71%
Villain Venom
71%
Villain Winter Soldier
71%
Hero Wolverine
71%
Hero Captain Marvel
57%
Hero Doctor Strange
57%
Hero Drax
57%
Hero Falcon
57%
Villain Green Goblin
57%
Villain Green Goblin (Classic)
57%
Hero Hawkeye
57%
Hero Iron Fist
57%
Hero Iron Fist (WWII)
57%
Villain Loki
57%
Villain Loki (Teen)
57%
Hero Luke Cage
57%
Villain Nebula
57%
Hero Nick Fury
57%
Villain Red Skull
57%
Hero Scarlet Witch
57%
Hero Star-Lord
57%
Hero Star-Lord (Annihilation)
57%
Villain Strange(Heartless)
57%
Currencies T1 Iso-8 Ions
57%
Currencies T2 Level 1 Iso-8 Ions
57%
Currencies T2 Level 4 Iso-8 Ions
57%
Currencies T2 Level 5 Iso-8 Ions
57%
Currencies T3 Level 1 Iso-8 Ions
57%
Hero The Thing
57%
Villain Ultron
57%
Hero Vahl
57%
Hero Vision
57%
Hero Viv Vision
57%
Hero War Machine
57%
Hero Adam Warlock
43%
Gamemodes Alliance Raids
43%
Hero Ant-Man
43%
Villain Archangel
43%
Hero Bishop
43%
Hero Blade
43%
Hero Bucky Barnes
43%
Hero Captain Carter
43%
Hero Cyclops
43%
Villain Dark Beast
43%
Villain Doctor Doom
43%
Villain Elektra
43%
Villain Emma Frost
43%
Hero Emma Frost(X-Men)
43%
Villain Ghost
43%
Hero Hank Pym
43%
Villain Hela
43%
Hero Human Torch
43%
Hero Invisible Woman
43%
Hero Jessica Jones
43%
Hero Jubilee
43%
Villain Kang the Conqueror
43%
Hero Kate Bishop
43%
Villain Kingpin
43%
Villain Lizard
43%
Villain Magneto
43%
Hero Mantis
43%
Hero Maria Hill
43%
Hero Mister Fantastic
43%
Villain Namor
43%
Hero Nightcrawler
43%
Hero Phoenix
43%
Hero Psylocke
43%
Hero Quicksilver
43%
Hero Red Hulk
43%
Hero Rocket Raccoon
43%
Hero Rogue
43%
Villain Scarlet Witch(Zombie)
43%
Hero She-Hulk
43%
Hero Star-Lord (T'Challa)
43%
Hero Valkyrie
43%
Hero Wasp
43%
Hero Wong
43%
Villain Absorbing Man
29%
Villain Agatha Harkness
29%
Hero Agent Coulson
29%
Hero Anti-Venom
29%
Hero Beast
29%
Hero Black Bolt
29%
Hero Black Knight
29%
Gamemodes Blitz
29%
Team Tags Cabal
29%
Hero Cable
29%
Hero Captain Britain
29%
Villain Carnage
29%
Hero Cloak
29%
Hero Colossus
29%
Other Tags Cosmic
29%
Hero Cosmic Ghost Rider
29%
Hero Dagger
29%
Villain Daken
29%
Hero Domino
29%
Villain Dormammu
29%
Villain Electro
29%
Hero Gambit
29%
Hero Ghost Rider
29%
Hero Ghost Rider (Robbie)
29%
Hero Ghost-Spider
29%
Currencies Gold
29%
Hero Heimdall
29%
Hero Hulkbuster
29%
Hero Iceman
29%
Villain Iron Patriot
29%
Villain Juggernaut
29%
Villain Juggernaut (Zombie)
29%
Hero Kestrel
29%
Villain Killmonger
29%
Hero Kitty Pryde
29%
Hero Korg
29%
Hero Magik
29%
Hero Man-Thing
29%
Hero Moon Knight
29%
Villain Morgan Le Fay
29%
Hero Ms. Marvel
29%
Hero Ms. Marvel (Hard Light)
29%
Hero Negasonic
29%
Hero Nova
29%
Hero Odin
29%
Hero Okoye
29%
Hero Pandapool
29%
Hero Peni Parker
29%
Hero Phyla-Vell
29%
Hero Quake
29%
Currencies Raid Credits
29%
Hero Rescue
29%
Villain Rhino
29%
Hero Sharon Carter
29%
Hero Shuri
29%
Hero Silver Surfer
29%
Hero Spider-Woman
29%
Hero Storm
29%
Villain Taskmaster
29%
Villain The Leader
29%
Villain Ultimus
29%
Hero Union Jack
29%
Villain Vulture
29%
Hero X-23
29%
Hero Yelena Belova
29%
Villain Yellow Jacket
29%
Villain Abomination
14%
Hero America Chavez
14%
Villain Apocalypse
14%
Gamemodes Arena
14%
Villain Baron Zemo
14%
Gamemodes Battleworld
14%
Hero Beta Ray Bill
14%
Other Tags Bio
14%
Villain Black Cat
14%
Negative Effects Bleed
14%
Negative Effects Blind
14%
Currencies Blitz Credits
14%
Villain Blob
14%
Hero Brawn
14%
Villain Bullseye
14%
Currencies Campaign Energy
14%
Gamemodes Campaigns
14%
Currencies Character Shards
14%
Other Tags City
14%
Gamemodes Cosmic Crucible
14%
Hero Cosmo
14%
Villain Crossbones
14%
Gamemodes Dark Dimension
14%
Hero Dazzler
14%
Negative Effects Defense Down
14%
Positive Effects Defense Up
14%
Villain Doctor Octopus
14%
Hero Doctor Voodoo
14%
Villain Ebony Maw
14%
Hero Echo
14%
Hero Elsa Bloodstone
14%
Hero Fantomex
14%
Hero Forge
14%
Team Tags Gamma
14%
Battlefield Effects Gamma Radiation
14%
Currencies Gear
14%
Villain Gladiator
14%
Other Tags Global
14%
Villain Gorr
14%
Hero Gwenom
14%
Hero Gwenpool
14%
Other Tags Hero
14%
Hero Ikaris
14%
Campaigns Incursion
14%
Currencies Incursion Energy
14%
Currencies Iso-8
14%
Campaigns Isotope-8
14%
Villain Knull
14%
Villain Kraven the Hunter
14%
Villain Lady Deathstrike
14%
Villain Madelyne Pryor
14%
Team Tags Marauder
14%
Villain Mister Negative
14%
Villain Mister Sinister
14%
Hero Mockingbird
14%
Hero Moondragon
14%
Villain Morbius
14%
Villain Mordo
14%
Other Tags Mutant
14%
Villain Mysterio
14%
Other Tags Mystic
14%
Villain Mystique
14%
Hero Nakia
14%
Villain Nemesis
14%
Hero Nico Minoru
14%
Hero Night Nurse
14%
Villain Nobu
14%
Hero Northstar
14%
Hero Oath
14%
Team Tags Orchis
14%
Hero Photon
14%
Hero Polaris
14%
Currencies Power Cores
14%
Hero Punisher
14%
Gamemodes Real Time Arena
14%
Hero Red Guardian
14%
Villain Ronan The Accuser
14%
Hero Ronin
14%
Villain Sabretooth
14%
Hero Sersi
14%
Villain Shadow King
14%
Hero Shang-Chi
14%
Villain Shocker
14%
Hero Sif
14%
Hero Spider-Punk
14%
Villain Spider-Slayer
14%
Hero Spider-Weaver
14%
Hero Starbrand
14%
Negative Effects Stun
14%
Currencies T2 Iso-8
14%
Currencies T3 Iso-8
14%
Hero The Ancient One
14%
Villain Toad
14%
Currencies Training Materials
14%
Currencies Ultra Cores
14%
Hero Void Knight
14%
Currencies War Credits
14%
Team Tags X-Treme X-Men
14%
Villain Yondu
14%
Hero Yo-Yo
14%
Negative Effects Ability Block
0%
Currencies Ability Materials
0%
Team Tags A-Force
0%
Team Tags A.I.M.
0%
Currencies Alliance Credits
0%
Team Tags Alpha Flight
0%
Team Tags Annihilator
0%
Other Tags Archenemy
0%
Currencies Arena Credits
0%
Currencies Arena Token
0%
Villain Ares
0%
Team Tags Asguardian
0%
Team Tags Astonishing X-Men
0%
Team Tags Astral
0%
Team Tags Avenger
0%
Currencies Battleworld Credits
0%
Team Tags Bifrost
0%
Team Tags Bionic Avenger
0%
Team Tags Black Order
0%
Other Tags Blaster
0%
Other Tags Brawler
0%
Team Tags Brotherhood
0%
Gamemodes Challenges
0%
Hero Colleen Wing
0%
Other Tags Controller
0%
Villain Corvus Glaive
0%
Campaigns Cosmic Conflict
0%
Currencies Costume Credits
0%
Hero Crystal
0%
Villain Cull Obsidian
0%
Currencies Dark Diamond Promotion Credits
0%
Hero Darkhawk
0%
Team Tags Darkhold
0%
Team Tags Dark Hunter
0%
Currencies Dark Promotion Credits
0%
Hero Deathlok
0%
Hero Deathpool
0%
Positive Effects Deathproof
0%
Team Tags Death Seed
0%
Team Tags Defender
0%
Positive Effects Deflect
0%
Negative Effects Disrupted
0%
Campaigns Doom War
0%
Currencies Elite 4 Credits
0%
Currencies Elite 5 Credits
0%
Currencies Elite 6 Credits
0%
Currencies Elite 7 Credits
0%
Currencies Elite Raid Credits
0%
Currencies Elite War Credits
0%
Other Tags Energized
0%
Other Tags Epic
0%
Team Tags Eternal
0%
Positive Effects Evade
0%
Gamemodes Events
0%
Other Tags Exposed
0%
Team Tags Fantastic Four
0%
Hero Firestar
0%
Currencies Gear Credits
0%
Currencies Gold Crucible Credits
0%
Currencies Gold Promotion Credits
0%
Villain Graviton
0%
Currencies Green Raid Energy
0%
Hero | Team Tags Guardian
0%
Team Tags Hand
0%
Negative Effects Heal Block
0%
Campaigns Heroes Assemble
0%
Team Tags Heroes for Hire
0%
Campaigns Heroes Hard Mode
0%
Team Tags Hive-Mind
0%
Other Tags Horseman
0%
Team Tags Hydra
0%
Team Tags Illuminati
0%
Positive Effects Immunity
0%
Team Tags Infestation
0%
Team Tags Infinity Watch
0%
Team Tags Inhuman
0%
Team Tags Invader
0%
Hero Ironheart
0%
Hero Ironheart (MKII)
0%
Currencies Iso-8 Energy
0%
Campaigns Isotope-8 Hard Mode
0%
Hero Karnak
0%
Team Tags Knowhere
0%
Other Tags Knowhere Heist
0%
Villain Korath The Pursuer
0%
Team Tags Kree
0%
Other Tags Legendary
0%
Hero Longshot
0%
Battlefield Effects Mark of Mephisto
0%
Other Tags Marvel Moms
0%
Team Tags Masters of Evil
0%
Hero M'Baku
0%
Villain Mephisto
0%
Team Tags Mercenary
0%
Team Tags Mercs for Money
0%
Other Tags Military
0%
Other Tags Minion
0%
Villain Minn-Erva
0%
Hero Misty Knight
0%
Villain Moonstone
0%
Other Tags MSF Original
0%
Hero Multiple Man
0%
Campaigns Mystic Forces Rising
0%
Other Tags Mythic
0%
Team Tags New Avenger
0%
Team Tags New Warrior
0%
Campaigns Nexus Hard Mode
0%
Campaigns Nexus War
0%
Team Tags Nighstalker
0%
Villain Nimrod
0%
Other Tags Non-Legendary
0%
Other Tags Non-Minion
0%
Battlefield Effects Nova Force
0%
Battlefield Effects Odinforce
0%
Negative Effects Offense Down
0%
Positive Effects Offense Up
0%
Villain Omega Red
0%
Villain Omega Sentinel
0%
Team Tags Out of Time
0%
Team Tags P.E.G.A.S.U.S.
0%
Other Tags Pool Pals
0%
Team Tags Power Armor
0%
Other Tags Protector
0%
Villain Proxima Midnight
0%
Currencies Purple Raid Energy
0%
Team Tags Pym Tech
0%
Villain Pyro
0%
Team Tags Ravager
0%
Team Tags Rebirth
0%
Villain Red Goblin
0%
Positive Effects Regeneration
0%
Positive Effects Safeguard
0%
Hero Sasquatch
0%
Hero Scarlet Spider
0%
Villain Scientist Supreme
0%
Gamemodes Scourges
0%
Villain Scream
0%
Team Tags Secret Avenger
0%
Team Tags Secret Defender
0%
Villain Sentinel
0%
Team Tags Shadowland
0%
Hero Shatterstar
0%
Team Tags S.H.I.E.L.D.
0%
Currencies Silver Crucible Credits
0%
Currencies Silver Diamond Promotion Credits
0%
Currencies Silver Promotion Credits
0%
Villain Silver Samurai
0%
Team Tags Sinister Six
0%
Other Tags Skill
0%
Negative Effects Slow
0%
Positive Effects Speed Up
0%
Team Tags Spider-Society
0%
Other Tags Spider-Verse
0%
Other Tags Spirit of Vengence
0%
Hero Squirrel Girl
0%
Hero Stature
0%
Villain Stryfe
0%
Hero Sunfire
0%
Hero Sunspot
0%
Team Tags Superior Six
0%
Team Tags Supernatural
0%
Villain Super Skrull
0%
Other Tags Support
0%
Villain Swarm
0%
Villain Sylvie
0%
Team Tags Symbiote
0%
Currencies T2 Iso-8 Credits
0%
Currencies T3 Iso-8 Credits
0%
Team Tags Tangled Web
0%
Other Tags Tech
0%
Hero Tigra
0%
Villain Titania
0%
Negative Effects Trauma
0%
Currencies Ultimus Credits
0%
Team Tags Uncanny X-Men
0%
Team Tags Underworld
0%
Team Tags Undying
0%
Other Tags United
0%
Team Tags Unlimited X-Men
0%
Villain U.S. Agent
0%
Other Tags Vampire
0%
Other Tags Villain
0%
Campaigns Villains Hard Mode
0%
Campaigns Villians United
0%
Team Tags Wakandan
0%
Team Tags War Dog
0%
Currencies War Energy
0%
Team Tags Wave 1-Avenger
0%
Team Tags Weapon X
0%
Other Tags Web-Slinger
0%
Team Tags Web-Warrior
0%
Hero White Tiger
0%
Team Tags X-Factor
0%
Team Tags X-Force
0%
Other Tags X-Men
0%
Team Tags Young Avenger
0%
No matching quizzes found
Score Distribution
Percent of People with Each Score
Percentile by Number Answered
Your Score History
You have not taken this quiz